<?xml version="1.0" encoding="UTF-8"?>
<record
    xmlns:xsi="http://www.w3.org/2001/XMLSchema-instance"
    xsi:schemaLocation="http://www.loc.gov/MARC21/slim http://www.loc.gov/standards/marcxml/schema/MARC21slim.xsd"
    xmlns="http://www.loc.gov/MARC21/slim">

  <leader>01026nam2a22002531  4500</leader>
  <controlfield tag="001">RU\NLR\INFOCOMM10\1000319496</controlfield>
  <controlfield tag="005">20250617012631.0</controlfield>
  <datafield tag="035" ind1=" " ind2=" ">
    <subfield code="a">(NLR Aleph) 002343129</subfield>
  </datafield>
  <datafield tag="090" ind1=" " ind2=" ">
    <subfield code="a">4489034</subfield>
    <subfield code="c">4489034</subfield>
  </datafield>
  <datafield tag="100" ind1=" " ind2=" ">
    <subfield code="a">20041104d1891    |||y0rusy50      ca</subfield>
  </datafield>
  <datafield tag="101" ind1="0" ind2=" ">
    <subfield code="a">rus</subfield>
  </datafield>
  <datafield tag="102" ind1=" " ind2=" ">
    <subfield code="a">RU</subfield>
  </datafield>
  <datafield tag="105" ind1=" " ind2=" ">
    <subfield code="a">y   |||||||||</subfield>
  </datafield>
  <datafield tag="200" ind1="1" ind2=" ">
    <subfield code="a">&#x421;&#x442;&#x438;&#x445;&#x43E;&#x442;&#x432;&#x43E;&#x440;&#x435;&#x43D;&#x438;&#x44F;</subfield>
    <subfield code="e">[&#x41F;&#x440;&#x43E;&#x434;&#x43E;&#x43B;&#x436;&#x435;&#x43D;&#x438;&#x435;]</subfield>
    <subfield code="f">&#x418;.&#x418;. &#x41A;&#x43E;&#x437;&#x43B;&#x43E;&#x432;</subfield>
  </datafield>
  <datafield tag="210" ind1=" " ind2=" ">
    <subfield code="d">1891</subfield>
    <subfield code="a">&#x411;. &#x43C;.</subfield>
  </datafield>
  <datafield tag="461" ind1=" " ind2="0">
    <subfield code="1">001RU\NLR\INFOCOMM10\1000319487</subfield>
    <subfield code="1">2001#$a&#x421;&#x435;&#x43C;&#x435;&#x439;&#x43D;&#x430;&#x44F; &#x431;&#x438;&#x431;&#x43B;&#x438;&#x43E;&#x442;&#x435;&#x43A;&#x430;$e[&#x415;&#x436;&#x435;&#x43C;&#x435;&#x441;. &#x436;&#x443;&#x440;&#x43D;., &#x438;&#x437;&#x434;. &#x440;&#x435;&#x434;. &#x436;&#x443;&#x440;&#x43D;. "&#x41F;&#x430;&#x43D;&#x442;&#x435;&#x43E;&#x43D; &#x43B;&#x438;&#x442;&#x435;&#x440;&#x430;&#x442;&#x443;&#x440;&#x43D;&#x44B;&#x439;"]$v&#x2116;15</subfield>
    <subfield code="9">4489006</subfield>
    <subfield code="c">&#x421;&#x41F;&#x431;.</subfield>
    <subfield code="d">1890-1892</subfield>
    <subfield code="n">&#x410;. &#x427;&#x443;&#x434;&#x438;&#x43D;&#x43E;&#x432;</subfield>
    <subfield code="o">[&#x415;&#x436;&#x435;&#x43C;&#x435;&#x441;. &#x436;&#x443;&#x440;&#x43D;., &#x438;&#x437;&#x434;. &#x440;&#x435;&#x434;. &#x436;&#x443;&#x440;&#x43D;. "&#x41F;&#x430;&#x43D;&#x442;&#x435;&#x43E;&#x43D; &#x43B;&#x438;&#x442;&#x435;&#x440;&#x430;&#x442;&#x443;&#x440;&#x43D;&#x44B;&#x439;"]</subfield>
    <subfield code="t">&#x421;&#x435;&#x43C;&#x435;&#x439;&#x43D;&#x430;&#x44F; &#x431;&#x438;&#x431;&#x43B;&#x438;&#x43E;&#x442;&#x435;&#x43A;&#x430;</subfield>
    <subfield code="v">&#x2116;15</subfield>
  </datafield>
  <datafield tag="700" ind1=" " ind2="1">
    <subfield code="a">&#x41A;&#x43E;&#x437;&#x43B;&#x43E;&#x432;</subfield>
    <subfield code="b">&#x418;.&#x418;.</subfield>
    <subfield code="4">070</subfield>
  </datafield>
  <datafield tag="801" ind1=" " ind2="1">
    <subfield code="a">RU</subfield>
    <subfield code="b">InfoComm</subfield>
    <subfield code="c">20041104</subfield>
  </datafield>
  <datafield tag="801" ind1=" " ind2="0">
    <subfield code="a">RU</subfield>
    <subfield code="b">NLR</subfield>
    <subfield code="g">PSBO</subfield>
  </datafield>
  <datafield tag="852" ind1=" " ind2=" ">
    <subfield code="a">NLR</subfield>
    <subfield code="j">2/1429</subfield>
  </datafield>
  <datafield tag="942" ind1=" " ind2=" ">
    <subfield code="c">ISSUE</subfield>
  </datafield>
  <datafield tag="980" ind1=" " ind2=" ">
    <subfield code="a">NB</subfield>
  </datafield>
  <datafield tag="980" ind1=" " ind2=" ">
    <subfield code="a">RUSPER</subfield>
  </datafield>
</record>
